Enfoques al cine chileno en dos siglos

Spremljeno u:
Bibliografski detalji
Glavni autor: Villarroel, Mónica (Autor)
Format: Knjiga
Jezik:španjolski
Izdano: Santiago Lom Ediciones 2013
Santiago Centro Cultural la Moneda Cineteca Nacional de Chile 2013
Izdanje:1a. ed
Serija:Cultura y Sociedad. Ciencias Sociales y Humanas
Teme:
Oznake: Dodaj oznaku
Bez oznaka, Budi prvi tko označuje ovaj zapis!

MARC

LEADER 00000cam a2200000 a 4500
001 UCC0200
003 CL-VaPUC
008 170721e20130000cl |||||||||||||||||spa|d
020 |a 9789560004260 
082 0 4 |a 791.430983  |b VIL  |2 21 
100 0 |a Villarroel, Mónica  |e author  |9 594118 
245 1 0 |a Enfoques al cine chileno en dos siglos 
250 |a 1a. ed 
300 |a 238 p 
942 |c BK 
945 |d 20170721 23:47:00  |a arojas 
260 |a Santiago  |b Lom Ediciones  |c 2013 
260 |a Santiago  |b Centro Cultural la Moneda Cineteca Nacional de Chile  |c 2013 
650 0 |a Cine chileno  |9 265165 
650 0 |a Crítica e interpretación   |9 255042 
650 0 |a Cine histórico   |9 269320 
650 0 |a Arte chileno   |y Siglo 21   |9 559814 
583 |a last modification  |c 20180403 08:58:28  |k Rodrigo Vera 
490 0 |a Cultura y Sociedad. Ciencias Sociales y Humanas 
999 |c 369104  |d 369102 
952 |0 0  |1 0  |3 erb  |4 0  |6 791_430983000000000_VIL_2013_2013  |7 0  |8 A  |9 484661  |a BIBHIS  |b BIBHIS  |i 5409578  |o 791.430983 VIL 2013 2013  |p 5409578  |r 2025-01-20  |w 2019-11-24  |y BK  |z Catalogado en:20170721  |k HIS